[Event "Bar op"]
[Site "Bar"]
[Date "2003.??.??"]
[Round "1"]
[White "Ivanisevic, Ivan"]
[Black "Minic, Dragoljub"]
[Result "1-0"]
[WhiteElo "2555"]
[BlackElo "2355"]
[PlyCount "75"]
[EventDate "2003.02.??"]
[EventType "swiss"]
[EventRounds "9"]
[EventCountry "YUG"]
[SourceTitle "EXT 2004"]
[Source "ChessBase"]
[SourceDate "2003.11.25"]
[SourceVersion "1"]
[SourceVersionDate "2003.11.25"]
[SourceQuality "1"]

1. d4 Nf6 2. c4 b6 3. f3 e6 4. e4 Bb4+ 5. Nc3 0-0 6. Nge2 d5 7. e5 Nfd7 8. cxd5 exd5 9. a3 Bxc3+ 10. Nxc3 c5 11. dxc5 d4 12. Qxd4 Nc6 13. Qd5 Re8 14. Bf4 Ndxe5 15. Qxd8 Nd3+ 16. Kd2 Rxd8 17. Bxd3 Ba6 18. Bd6 Bxd3 19. Kxd3 bxc5 20. Ne4 f5 21. Rad1 fxe4+ 22. Kxe4 c4 23. Bf4 Rdc8 24. Rd7 Re8+ 25. Kd5 Rac8 26. Rd1 Ne7+ 27. Kd4 Nf5+ 28. Kc3 Ne3 29. R1d2 h6 30. Rxa7 Rc6 31. Rdd7 Rg6 32. g3 Ng2 33. Bd2 Rb8 34. Rab7 Rxb7 35. Rxb7 Rd6 36. Re7 Rd3+ 37. Kc2 Rxf3 38. Re2 1-0

[Event "YUG-chT 38th"]
[Site "Sibenik"]
[Date "1986.??.??"]
[Round "?"]
[White "Cebalo, Miso"]
[Black "Minic, Dragoljub"]
[Result "1-0"]
[WhiteElo "2515"]
[BlackElo "2405"]
[PlyCount "59"]
[EventDate "1986.??.??"]
[EventType "team"]
[EventRounds "9"]
[EventCountry "YUG"]
[SourceTitle "EXT 2009"]
[Source "ChessBase"]
[SourceDate "2008.11.26"]
[SourceVersion "1"]
[SourceVersionDate "2008.11.26"]
[SourceQuality "1"]

1. d4 g6 2. c4 Bg7 3. Nc3 d6 4. e4 Nd7 5. Nf3 e5 6. Be2 Ne7 7. 0-0 0-0 8. Be3 h6 9. Qc2 f5 10. dxe5 dxe5 11. Rad1 f4 12. Bc5 Rf7 13. Ba3 Bf6 14. c5 Rg7 15. Nd5 Nc6 16. b4 a6 17. Bb2 g5 18. h3 h5 19. Nh2 Rh7 20. Rd3 Rb8 21. Rfd1 Nd4 22. Bxd4 exd4 23. Nxf6+ Qxf6 24. Rxd4 g4 25. hxg4 hxg4 26. Bxg4 Nf8 27. Qb3+ Kg7 28. Qc3 Be6 29. Bxe6 Nxe6 30. Rd7+ 1-0

[Event "Catanzaro"]
[Site "Catanzaro"]
[Date "1985.12.14"]
[Round "4"]
[White "Minic, Dragoljub"]
[Black "Blasco, Domenico"]
[Result "1/2-1/2"]
[WhiteElo "2415"]
[BlackElo "2209"]
[PlyCount "48"]
[EventDate "1985.12.11"]
[EventType "tourn"]
[EventRounds "11"]
[EventCountry "ITA"]
[SourceTitle "EXT 2023"]
[Source "ChessBase"]
[SourceDate "2022.10.05"]
[SourceVersion "1"]
[SourceVersionDate "2022.10.05"]
[SourceQuality "1"]

1. e4 Nf6 2. e5 Nd5 3. d4 d6 4. c4 Nb6 5. exd6 exd6 6. Nc3 Be7 7. Be2 0-0 8. Be3 N8d7 9. Nf3 Nf6 10. h3 Re8 11. 0-0 c6 12. b3 Bf5 13. Bd3 Bg6 14. Bxg6 hxg6 15. Qd2 Bf8 16. Rfe1 Qd7 17. Rad1 Rad8 18. Bg5 Rxe1+ 19. Rxe1 Re8 20. Rxe8 Qxe8 21. Qe3 Qxe3 22. Bxe3 Be7 23. Ng5 Nh7 24. Nxh7 Kxh7 1/2-1/2

[Event "Catanzaro"]
[Site "Catanzaro"]
[Date "1985.12.12"]
[Round "2"]
[White "Minic, Dragoljub"]
[Black "Samovojska, Damir"]
[Result "1/2-1/2"]
[WhiteElo "2415"]
[BlackElo "2390"]
[PlyCount "47"]
[EventDate "1985.12.11"]
[EventType "tourn"]
[EventRounds "11"]
[EventCountry "ITA"]
[SourceTitle "EXT 2023"]
[Source "ChessBase"]
[SourceDate "2022.10.05"]
[SourceVersion "1"]
[SourceVersionDate "2022.10.05"]
[SourceQuality "1"]

1. e4 e6 2. d4 d5 3. Nc3 Bb4 4. e5 c5 5. a3 Bxc3+ 6. bxc3 Qc7 7. Nf3 Nc6 8. a4 Qa5 9. Qd2 cxd4 10. cxd4 Qxd2+ 11. Kxd2 Na5 12. Ba3 Ne7 13. Bd3 Nec6 14. Ke3 f6 15. Bd6 Kf7 16. Rhb1 Bd7 17. Nd2 Rac8 18. f4 f5 19. h3 b6 20. g4 g6 21. Ba6 Rcg8 22. Rg1 Ne7 23. Bxe7 Kxe7 24. Nb3 1/2-1/2

[Event "Banja Luka"]
[Site "Banja Luka"]
[Date "1985.??.??"]
[Round "?"]
[White "Short, Nigel D"]
[Black "Minic, Dragoljub"]
[Result "1/2-1/2"]
[WhiteElo "2535"]
[BlackElo "2440"]
[PlyCount "93"]
[EventDate "1985.04.??"]
[EventType "tourn"]
[EventRounds "13"]
[EventCountry "YUG"]
[EventCategory "9"]
[SourceTitle "MCD"]
[Source "ChessBase"]
[SourceDate "1999.07.01"]
[SourceVersion "1"]
[SourceVersionDate "1999.07.01"]
[SourceQuality "1"]

1. e4 c5 2. Nf3 Nf6 3. e5 Nd5 4. Nc3 e6 5. Nxd5 exd5 6. d4 Nc6 7. dxc5 Bxc5 8. Qxd5 Qb6 9. Bc4 Bxf2+ 10. Ke2 0-0 11. Rf1 Bc5 12. Ng5 Nd4+ 13. Kd1 Ne6 14. Ne4 d6 15. exd6 Rd8 16. Qf5 Bxd6 17. Nxd6 Qxd6+ 18. Bd3 Nf8 19. Qxf7+ Kh8 20. Qf4 Qe7 21. Qg5 Qe8 22. Be3 Be6 23. Kd2 Bc4 24. Rae1 Qc6 25. Qg4 Ne6 26. Rc1 Qb5 27. Qe4 Bxd3 28. cxd3 Qxb2+ 29. Rc2 Qa3 30. Rf5 Rd6 31. Rh5 Nf8 32. Bc5 Qa5+ 33. Kd1 Re6 34. Qb4 Qd8 35. Rh3 Nd7 36. Bd4 Nf6 37. Rf3 Qe8 38. Rcf2 a5 39. Qa3 Qh5 40. h3 Rae8 41. Qc3 Rc6 42. Qb2 Rec8 43. Bxf6 gxf6 44. Rc2 Rxc2 45. Qxf6+ Kg8 46. Qe6+ Kh8 47. Qf6+ 1/2-1/2

[Event "Berliner Sommer 02nd"]
[Site "Berlin West"]
[Date "1984.08.19"]
[Round "2"]
[White "Minic, Dragoljub"]
[Black "Treppner, Gerd"]
[Result "0-1"]
[WhiteElo "2405"]
[BlackElo "2330"]
[PlyCount "74"]
[EventDate "1984.08.18"]
[EventType "swiss"]
[EventRounds "9"]
[EventCountry "GER"]
[SourceTitle "MCD"]
[Source "ChessBase"]
[SourceDate "1999.07.01"]
[SourceVersion "1"]
[SourceVersionDate "1999.07.01"]
[SourceQuality "1"]

1. e4 e5 2. Nf3 Nf6 3. d4 Nxe4 4. Bd3 d5 5. Nxe5 Bd6 6. 0-0 0-0 7. Nc3 Nxc3 8. bxc3 Nd7 9. f4 c5 10. Nxd7 Bxd7 11. Qh5 f5 12. Qf3 Bc6 13. c4 Qf6 14. c3 Qf7 15. cxd5 Bxd5 16. Qf2 cxd4 17. cxd4 Rfe8 18. a4 Bc4 19. Qf3 Bxd3 20. Qxd3 Qd5 21. Rb1 Bc5 22. Kh1 Rad8 23. Qb5 Bb6 24. a5 Bxa5 25. Qxb7 Qxb7 26. Rxb7 Bb6 27. d5 Re2 28. Ba3 Rxd5 29. Bb4 Rd3 30. h3 Rg3 31. Rc1 h5 32. Bc5 Bxc5 33. Rxc5 Rexg2 34. Rb1 Ra2 35. Rxf5 Rxh3+ 36. Kg1 Kh7 37. Rbb5 Kh6 0-1

[Event "Berliner Sommer 02nd"]
[Site "Berlin West"]
[Date "1984.08.18"]
[Round "1"]
[White "Minic, Dragoljub"]
[Black "Schiller, Eric Andrew"]
[Result "1-0"]
[WhiteElo "2405"]
[BlackElo "2220"]
[PlyCount "75"]
[EventDate "1984.08.18"]
[EventType "swiss"]
[EventRounds "9"]
[EventCountry "GER"]
[SourceTitle "MCD"]
[Source "ChessBase"]
[SourceDate "1999.07.01"]
[SourceVersion "1"]
[SourceVersionDate "1999.07.01"]
[SourceQuality "1"]

1. e4 e5 2. Nf3 Nc6 3. d4 exd4 4. Bc4 Nf6 5. e5 Ne4 6. 0-0 d5 7. Bb5 Bd7 8. Bxc6 bxc6 9. Nxd4 Bc5 10. Be3 Qe7 11. Re1 0-0 12. f3 Ng5 13. Qd2 Ne6 14. Nc3 Rab8 15. Rab1 Nxd4 16. Bxd4 Bf5 17. Ne2 Rfe8 18. Bxc5 Qxc5+ 19. Nd4 Bxc2 20. Rbc1 Rb4 21. Red1 Rxe5 22. Rxc2 Rc4 23. Rxc4 dxc4 24. Qf2 Rd5 25. Re1 h6 26. Nc2 Qa5 27. Na3 g6 28. Nxc4 Qxa2 29. Qc2 Rd4 30. Rc1 c5 31. Kf2 Qa6 32. Qe2 Qf6 33. g3 Qg5 34. Re1 Qd5 35. Qe8+ Kh7 36. Ne3 Rd2+ 37. Re2 Rxe2+ 38. Kxe2 1-0

[Event "YUG Team Cup-27"]
[Site "Pula"]
[Date "1984.05.18"]
[Round "5.1"]
[White "Minic, Dragoljub"]
[Black "Kovacevic, Vlatko"]
[Result "1-0"]
[WhiteElo "2405"]
[BlackElo "2555"]
[PlyCount "79"]
[EventDate "1984.05.14"]
[EventType "team-swiss"]
[EventRounds "5"]
[EventCountry "YUG"]
[SourceTitle "EXT 2012"]
[Source "ChessBase"]
[SourceDate "2011.11.24"]
[SourceVersion "1"]
[SourceVersionDate "2011.11.24"]
[SourceQuality "1"]
[WhiteTeam "Zagreb PTT"]
[BlackTeam "Zagreb Mladost "]
[WhiteTeamCountry "YUG"]
[BlackTeamCountry "YUG"]

1. e4 e6 2. d4 d5 3. Nd2 Nc6 4. Ngf3 Nf6 5. e5 Nd7 6. Nb3 a5 7. a4 Be7 8. Bb5 Nb4 9. c3 c6 10. Be2 Na6 11. Bf4 c5 12. h4 h6 13. h5 c4 14. Nbd2 Nb6 15. g4 Bd7 16. Rg1 Bc6 17. Qc2 Qd7 18. Bd1 0-0-0 19. g5 Rdf8 20. gxh6 gxh6 21. Nf1 Qe8 22. N1h2 Nb8 23. Ng4 N8d7 24. Nxh6 f5 25. Rg6 Bd8 26. Bg5 Na8 27. Bxd8 Kxd8 28. Qd2 Nc7 29. Qg5+ Qe7 30. Qxe7+ Kxe7 31. Ng5 Ra8 32. Bc2 Nb6 33. Rg7+ Kf8 34. Rf7+ Ke8 35. Nh7 Kd8 36. Kd2 Be8 37. Rg1 Nxa4 38. Rgg7 Rc8 39. Bxa4 Bxa4 40. Nf6 1-0

[Event "YUG Team Cup-27"]
[Site "Pula"]
[Date "1984.05.16"]
[Round "3.1"]
[White "Vukic, Milan"]
[Black "Minic, Dragoljub"]
[Result "1-0"]
[WhiteElo "2450"]
[BlackElo "2405"]
[PlyCount "55"]
[EventDate "1984.05.14"]
[EventType "team-swiss"]
[EventRounds "5"]
[EventCountry "YUG"]
[SourceTitle "EXT 2012"]
[Source "ChessBase"]
[SourceDate "2011.11.24"]
[SourceVersion "1"]
[SourceVersionDate "2011.11.24"]
[SourceQuality "1"]
[WhiteTeam "Bugojno Iskra"]
[BlackTeam "Zagreb PTT"]
[WhiteTeamCountry "YUG"]
[BlackTeamCountry "YUG"]

1. Nf3 g6 2. c4 Bg7 3. d4 f5 4. g3 d6 5. Nc3 Nf6 6. Bg2 0-0 7. 0-0 Qe8 8. d5 Na6 9. Nd4 Bd7 10. e4 Nxe4 11. Nxe4 fxe4 12. Bxe4 c5 13. dxc6 bxc6 14. Rb1 Nc5 15. Bg2 e5 16. Nc2 Qe7 17. Be3 Ne6 18. Qd2 Rfc8 19. Rbd1 Bf8 20. Ne1 Ng7 21. Nd3 Rc7 22. f4 exf4 23. Nxf4 Re8 24. Rde1 Qd8 25. Bd4 Nf5 26. Bc3 Rxe1 27. Rxe1 Qg5 28. Bd5+ 1-0

[Event "Pamporovo-06"]
[Site "Pamporovo"]
[Date "1982.03.18"]
[Round "11"]
[White "Velikov, Petar"]
[Black "Minic, Dragoljub"]
[Result "1-0"]
[WhiteElo "2470"]
[BlackElo "2400"]
[PlyCount "45"]
[EventDate "1982.03.08"]
[EventType "tourn"]
[EventRounds "11"]
[EventCountry "BUL"]
[EventCategory "8"]
[SourceTitle "MCD"]
[Source "ChessBase"]
[SourceDate "1999.07.01"]
[SourceVersion "1"]
[SourceVersionDate "1999.07.01"]
[SourceQuality "1"]

1. Nf3 c5 2. c4 Nf6 3. Nc3 d5 4. cxd5 Nxd5 5. d4 cxd4 6. Qxd4 Nxc3 7. Qxc3 Nc6 8. e4 e6 9. a3 Qa5 10. b4 Qd8 11. Bb2 Bd7 12. Rd1 Rc8 13. Qb3 f6 14. Bc4 Qe7 15. 0-0 Nd8 16. Nd4 a6 17. e5 b5 18. Be2 f5 19. Bf3 g6 20. Qe3 h5 21. Nb3 Bc6 22. Nc5 Qa7 23. Rxd8+ 1-0

[Event "Pamporovo-06"]
[Site "Pamporovo"]
[Date "1982.03.17"]
[Round "10"]
[White "Minic, Dragoljub"]
[Black "Lukov, Valentin"]
[Result "0-1"]
[WhiteElo "2400"]
[BlackElo "2405"]
[PlyCount "60"]
[EventDate "1982.03.08"]
[EventType "tourn"]
[EventRounds "11"]
[EventCountry "BUL"]
[EventCategory "8"]
[SourceTitle "MCD"]
[Source "ChessBase"]
[SourceDate "1999.07.01"]
[SourceVersion "1"]
[SourceVersionDate "1999.07.01"]
[SourceQuality "1"]

1. e4 c5 2. Nf3 d6 3. d4 cxd4 4. Nxd4 Nf6 5. Nc3 a6 6. Bg5 e6 7. f4 Qb6 8. Qd2 Qxb2 9. Nb3 Nbd7 10. Bxf6 gxf6 11. Be2 Nc5 12. 0-0 Bd7 13. Rab1 Qa3 14. f5 h5 15. Kh1 0-0-0 16. fxe6 fxe6 17. Rf3 Nxb3 18. Rxb3 Qa5 19. Qc1 Bc6 20. Ra3 Qg5 21. Qg1 Qc5 22. Qc1 d5 23. Nd1 d4 24. Nf2 Qg5 25. Qxg5 fxg5 26. Ra5 Be7 27. Re5 Bd7 28. Rd3 Kb8 29. Rb3 Ka7 30. Bd3 b6 0-1

[Event "Pamporovo-06"]
[Site "Pamporovo"]
[Date "1982.03.14"]
[Round "7"]
[White "Padevsky, Nikola Bochev"]
[Black "Minic, Dragoljub"]
[Result "1/2-1/2"]
[WhiteElo "2435"]
[BlackElo "2400"]
[PlyCount "42"]
[EventDate "1982.03.08"]
[EventType "tourn"]
[EventRounds "11"]
[EventCountry "BUL"]
[EventCategory "8"]
[SourceTitle "MCD"]
[Source "ChessBase"]
[SourceDate "1999.07.01"]
[SourceVersion "1"]
[SourceVersionDate "1999.07.01"]
[SourceQuality "1"]

1. Nf3 c5 2. g3 g6 3. c3 Bg7 4. d4 cxd4 5. cxd4 d5 6. Nc3 Nc6 7. Bg2 Nf6 8. 0-0 Ne4 9. e3 Nxc3 10. bxc3 0-0 11. Nd2 Na5 12. Nb3 Bf5 13. Re1 Rc8 14. Nxa5 Qxa5 15. Bd2 Qb5 16. Qb3 Qd3 17. Rad1 Bg4 18. f3 Bd7 19. Bf1 Qf5 20. Bg2 b6 21. Qa3 e5 1/2-1/2

[Event "Reggio Emilia-23 1980/81"]
[Site "Reggio Emilia"]
[Date "1981.01.08"]
[Round "13"]
[White "Minic, Dragoljub"]
[Black "De Eccher, Stefano"]
[Result "1-0"]
[WhiteElo "2440"]
[BlackElo "2345"]
[PlyCount "67"]
[EventDate "1980.12.27"]
[EventType "tourn"]
[EventRounds "13"]
[EventCountry "ITA"]
[EventCategory "3"]
[SourceTitle "MCD"]
[Source "ChessBase"]
[SourceDate "1999.07.01"]
[SourceVersion "1"]
[SourceVersionDate "1999.07.01"]
[SourceQuality "1"]

1. e4 c5 2. Nf3 d6 3. d4 cxd4 4. Nxd4 Nf6 5. Nc3 g6 6. Be3 Bg7 7. f3 0-0 8. Bc4 Nc6 9. Qd2 Bd7 10. 0-0-0 Qa5 11. Bb3 Rfc8 12. g4 Ne5 13. h4 Nc4 14. Bxc4 Rxc4 15. h5 Rxc3 16. Qxc3 Qxa2 17. Qa3 Qxa3 18. bxa3 Rc8 19. h6 Bh8 20. Kb1 Ba4 21. Nb3 Rc3 22. Rhe1 Nd7 23. Bd4 Bxd4 24. Rxd4 Bxb3 25. cxb3 f6 26. Rc1 Rxb3+ 27. Ka2 Rxf3 28. Rc7 Ne5 29. Rxe7 b5 30. Rxd6 Rxa3+ 31. Kb1 Kf8 32. Rxh7 Ke8 33. Re6+ Kd8 34. Rxf6 1-0

[Event "Reggio Emilia-23 1980/81"]
[Site "Reggio Emilia"]
[Date "1981.01.06"]
[Round "11"]
[White "Minic, Dragoljub"]
[Black "Wagman, Stuart"]
[Result "1/2-1/2"]
[WhiteElo "2440"]
[BlackElo "2235"]
[PlyCount "57"]
[EventDate "1980.12.27"]
[EventType "tourn"]
[EventRounds "13"]
[EventCountry "ITA"]
[EventCategory "3"]
[SourceTitle "MCD"]
[Source "ChessBase"]
[SourceDate "1999.07.01"]
[SourceVersion "1"]
[SourceVersionDate "1999.07.01"]
[SourceQuality "1"]

1. e4 c5 2. Nf3 d6 3. d4 cxd4 4. Nxd4 Nf6 5. Nc3 g6 6. Be2 Bg7 7. 0-0 0-0 8. Bg5 Nc6 9. Nb3 a5 10. a4 Be6 11. f4 Rc8 12. Kh1 Nb4 13. Nd4 Bc4 14. Ndb5 Bxe2 15. Qxe2 Qb6 16. Rad1 Qc5 17. Rd2 Rfe8 18. Qf3 h6 19. Bh4 Qh5 20. Qg3 Rc4 21. Qe1 Qc5 22. Na3 Rxc3 23. bxc3 Qxc3 24. Nb5 Qc4 25. e5 dxe5 26. fxe5 Nfd5 27. Bg3 Nxc2 28. Qc1 Rc8 29. e6 1/2-1/2

[Event "Reggio Emilia-23 1980/81"]
[Site "Reggio Emilia"]
[Date "1980.12.29"]
[Round "3"]
[White "Wittmann, Walter"]
[Black "Minic, Dragoljub"]
[Result "1-0"]
[WhiteElo "2365"]
[BlackElo "2405"]
[PlyCount "63"]
[EventDate "1980.12.27"]
[EventType "tourn"]
[EventRounds "13"]
[EventCountry "ITA"]
[EventCategory "3"]
[SourceTitle "MCD"]
[Source "ChessBase"]
[SourceDate "1999.07.01"]
[SourceVersion "1"]
[SourceVersionDate "1999.07.01"]
[SourceQuality "1"]

1. e4 c5 2. Nf3 d6 3. d4 cxd4 4. Nxd4 Nf6 5. Nc3 a6 6. Be2 e5 7. Nb3 Be7 8. 0-0 0-0 9. Bg5 Nbd7 10. a4 b6 11. Bc4 Bb7 12. Qe2 Qc7 13. Rfd1 Rfc8 14. Nd2 h6 15. Bxf6 Nxf6 16. Bb3 Qc5 17. Nc4 Qb4 18. a5 b5 19. Nb6 Bd8 20. Nxa8 Bxa8 21. Qd3 Bxa5 22. Nd5 Bxd5 23. Bxd5 Bb6 24. Rxa6 Qc5 25. Rf1 b4 26. Ra8 Rxa8 27. Bxa8 Ng4 28. Qe2 Qc8 29. Bd5 Bd4 30. b3 Qd7 31. Qa6 Qe7 32. Qc8+ 1-0

[Event "Venice Lido op"]
[Site "Venice"]
[Date "1980.??.??"]
[Round "2"]
[White "Minic, Dragoljub"]
[Black "Messa, Roberto"]
[Result "1-0"]
[WhiteElo "2405"]
[BlackElo "2265"]
[PlyCount "81"]
[EventDate "1980.??.??"]
[EventType "swiss"]
[EventRounds "8"]
[EventCountry "ITA"]
[SourceTitle "EXT 1999"]
[Source "ChessBase"]
[SourceDate "1998.11.16"]
[SourceVersion "1"]
[SourceVersionDate "1998.11.16"]
[SourceQuality "1"]

1. e4 e6 2. d4 d5 3. Nc3 Bb4 4. Nge2 Nf6 5. e5 Ne4 6. a3 Nxc3 7. Nxc3 Bf8 8. Bd3 b6 9. Ne2 c5 10. c3 Qd7 11. 0-0 Ba6 12. f4 Bxd3 13. Qxd3 c4 14. Qh3 g6 15. g4 Nc6 16. f5 0-0-0 17. fxg6 fxg6 18. Bg5 Re8 19. Rf2 Bg7 20. Raf1 Ref8 21. Rxf8+ Bxf8 22. Rf2 Bg7 23. Qf1 Nd8 24. Ng3 h6 25. Be3 Qe8 26. Ne2 Rf8 27. h4 Rxf2 28. Qxf2 Kd7 29. Nf4 Qf7 30. Kg2 Nc6 31. Qc2 Ne7 32. Qa4+ Nc6 33. Qc2 Ne7 34. Kg3 b5 35. a4 a6 36. axb5 axb5 37. Qb1 h5 38. Qa1 hxg4 39. Qa7+ Kc8 40. Qa6+ Kc7 41. Nxe6+ 1-0

[Event "YUG Team-ch31"]
[Site "Donji Milanovac"]
[Date "1979.09.03"]
[Round "8.2"]
[White "Krnic, Zdenko"]
[Black "Minic, Dragoljub"]
[Result "1/2-1/2"]
[WhiteElo "2390"]
[BlackElo "2395"]
[PlyCount "72"]
[EventDate "1979.08.27"]
[EventType "team-tourn"]
[EventRounds "9"]
[EventCountry "YUG"]
[SourceTitle "EXT 2010"]
[Source "ChessBase"]
[SourceDate "2010.11.25"]
[SourceVersion "1"]
[SourceVersionDate "2010.11.25"]
[SourceQuality "1"]
[WhiteTeam "Belgrade Crvena Zvezda"]
[BlackTeam "Zagreb PTT"]
[WhiteTeamCountry "YUG"]
[BlackTeamCountry "YUG"]

1. Nf3 Nf6 2. c4 g6 3. b4 Bg7 4. Bb2 0-0 5. e3 d6 6. d4 Nbd7 7. Be2 e5 8. 0-0 exd4 9. Nxd4 Re8 10. Nc3 Nb6 11. Qb3 Bg4 12. Bxg4 Nxg4 13. Nd5 Ne5 14. Nxb6 axb6 15. h3 Qd7 16. Rfd1 Re7 17. a4 Qe8 18. Ne2 Qc6 19. Rd4 Nd7 20. Nf4 Bxd4 21. Nd5 Bf6 22. Bxf6 Re6 23. b5 Nc5 24. Qc2 Qd7 25. Bb2 Rf8 26. Nf6+ Rxf6 27. Bxf6 Qe6 28. Bb2 f6 29. a5 bxa5 30. Rxa5 Qe4 31. Qxe4 Nxe4 32. f3 Nc5 33. Ra7 Kf7 34. Bd4 Rb8 35. e4 Ke6 36. g4 Nd3 1/2-1/2

[Event "YUG Team-ch31"]
[Site "Donji Milanovac"]
[Date "1979.08.29"]
[Round "4.4"]
[White "Minic, Dragoljub"]
[Black "Sibarevic, Milenko"]
[Result "1-0"]
[WhiteElo "2395"]
[BlackElo "2355"]
[PlyCount "75"]
[EventDate "1979.08.27"]
[EventType "team-tourn"]
[EventRounds "9"]
[EventCountry "YUG"]
[SourceTitle "EXT 2010"]
[Source "ChessBase"]
[SourceDate "2010.11.25"]
[SourceVersion "1"]
[SourceVersionDate "2010.11.25"]
[SourceQuality "1"]
[WhiteTeam "Zagreb PTT"]
[BlackTeam "Banja Luka"]
[WhiteTeamCountry "YUG"]
[BlackTeamCountry "YUG"]

1. g3 c5 2. Bg2 Nc6 3. d3 g6 4. e4 Bg7 5. f4 e6 6. Nf3 Nge7 7. 0-0 0-0 8. c3 d5 9. Qe2 b6 10. Rd1 Qc7 11. Nbd2 Ba6 12. e5 Rae8 13. Nb3 c4 14. dxc4 Bxc4 15. Qc2 f6 16. exf6 Bxf6 17. Be3 Nf5 18. Bf2 e5 19. fxe5 Nxe5 20. Nxe5 Rxe5 21. Re1 Rfe8 22. Rxe5 Rxe5 23. Re1 Rxe1+ 24. Bxe1 Ne3 25. Qf2 Nxg2 26. Qxf6 Nxe1 27. Qe6+ Qf7 28. Qxe1 Bd3 29. Nd4 Be4 30. Qf2 Qe7 31. Qf4 Bb1 32. a3 Qe1+ 33. Kg2 Be4+ 34. Kh3 Qd1 35. Qb8+ Kg7 36. Qe5+ Kh6 37. Qf6 Qd2 38. Qf8+ 1-0

[Event "Virovitica"]
[Site "Virovitica"]
[Date "1979.??.??"]
[Round "?"]
[White "Pytel, Krzysztof"]
[Black "Minic, Dragoljub"]
[Result "1/2-1/2"]
[WhiteElo "2435"]
[BlackElo "2395"]
[PlyCount "106"]
[EventDate "1979.??.??"]
[EventType "tourn"]
[EventRounds "13"]
[EventCountry "CRO"]
[SourceTitle "EXT 2010"]
[Source "ChessBase"]
[SourceDate "2010.11.25"]
[SourceVersion "1"]
[SourceVersionDate "2010.11.25"]
[SourceQuality "1"]

1. d4 Nf6 2. c4 c5 3. d5 d6 4. Nc3 g6 5. e4 Bg7 6. Be2 0-0 7. Nf3 e6 8. dxe6 Bxe6 9. Bf4 Nc6 10. Bxd6 Re8 11. 0-0 Qa5 12. Nd2 Rad8 13. e5 Nd7 14. f4 Nd4 15. Bd3 f6 16. Nb3 Qb6 17. Nxd4 cxd4 18. Nb5 Rc8 19. exf6 Bxf6 20. Ba3 Nc5 21. Re1 a6 22. Bxc5 Qxc5 23. Na3 Bf5 24. Nc2 Rxe1+ 25. Nxe1 Bxd3 26. Nxd3 Qxc4 27. Rc1 Qe6 28. Rxc8+ Qxc8 29. Qb3+ Kg7 30. Qd5 b6 31. a3 h5 32. h3 h4 33. Kh2 Qc7 34. Kg1 a5 35. Kf1 Qc2 36. Qe4 Qc4 37. Kf2 Qc2+ 38. Kf3 Qd1+ 39. Qe2 Qb1 40. Qe4 Qd1+ 41. Kf2 Qc2+ 42. Ke1 b5 43. Kf1 b4 44. axb4 axb4 45. Kg1 b3 46. Qb7+ Kh6 47. Qb5 Kg7 48. Kh2 Kh6 49. Ne5 Qc7 50. Nd3 Qc2 51. Qa6 Kg7 52. Qb7+ Kh6 53. Qf3 Kg7 1/2-1/2

[Event "Yugoslavia "]
[Site "Yugoslavia"]
[Date "1978.??.??"]
[Round "?"]
[White "Minic, Dragoljub"]
[Black "Antunac, Goran"]
[Result "1-0"]
[WhiteElo "2425"]
[BlackElo "2455"]
[PlyCount "61"]
[EventDate "1978.??.??"]
[EventType "game"]
[EventCountry "YUG"]
[SourceTitle "EXT 2010"]
[Source "ChessBase"]
[SourceDate "2010.11.25"]
[SourceVersion "1"]
[SourceVersionDate "2010.11.25"]
[SourceQuality "1"]

1. e4 e6 2. d4 c5 3. Nf3 cxd4 4. Nxd4 Nf6 5. Nc3 d6 6. Be3 a6 7. Be2 Qc7 8. a4 b6 9. f4 Bb7 10. Bf3 Nbd7 11. Qe2 Be7 12. Bf2 0-0 13. 0-0 Nc5 14. Rad1 Rfd8 15. Bg3 Bf8 16. Bh4 Be7 17. Bg3 Bf8 18. Kh1 Rac8 19. Bh4 Be7 20. Qe1 Ba8 21. e5 dxe5 22. fxe5 Bxf3 23. exf6 Bxd1 24. fxe7 Rxd4 25. Qf2 Bh5 26. Qxd4 f6 27. Bxf6 gxf6 28. Qxf6 Qd6 29. Rf5 Bg6 30. Rd5 Nd7 31. Qxg6+ 1-0